| 000 | 00462nam a2200169Ia 4500 | ||
|---|---|---|---|
| 999 |
_c24412 _d24412 |
||
| 003 | OSt | ||
| 005 | 20211030105214.0 | ||
| 008 | 190216s9999||||xx |||||||||||||| ||und|| | ||
| 040 | _coclc | ||
| 082 |
_a894.8124 _bMAT/S |
||
| 100 |
_aMathews, J _98875 |
||
| 245 | 0 |
_aShaileevijaram / _cJ Mathews |
|
| 260 |
_bCurrent Books, _aThrissur: _c1964. |
||
| 300 | _a86p | ||
| 650 | _aLekhanam | ||
| 942 |
_cBK _2ddc _h894.8124 _iMAT/S _k894.8124 _mMAT/S |
||